Les Clips Youtubes les Plus Vus de Ces Artistes #1 - Statistiques

Statistiques générales
  • Ce quiz a été pris 28 fois
  • Le résultat moyen est 9 sur 25
Statistiques - réponses
Artist Songs % Correct
Thriller
86%
Shakira Waka Waka
82%
Ed Sheeran Shape of You
75%
Michael Jackson Billie Jean
64%
Rihanna Diamonds
64%
Beat it
50%
Hips Don't Lie
43%
Umbrella
39%
Perfect
36%
Smooth Criminal
32%
Stay
32%
Mockingbird
29%
Rap God
29%
Work
29%
Chantaje
21%
Photograph
21%
They Don't Care About Us
21%
Without Me
18%
Can't Remember to Forget You
14%
Eminem Love The Way You Lie
14%
Not Afraid
14%
Thinking Out Loud
14%
We Found Love
14%
Bad Habits
7%
La La La
4%
Aucun quiz correspondant
Distribution des résultats
% des personnes avec chaque résultat
Percentile par nombre de réponses
Votre historique - résultats
Vous n’avez pas pris ce quiz